| 000 | 00655nam a2200217 a 4500 | ||
|---|---|---|---|
| 001 | 49959 | ||
| 003 | BD-RjUL | ||
| 005 | 20211209075434.0 | ||
| 008 | 160823s1968 nyua 001 0 eng d | ||
| 035 | _a(BD-RjUL)50079 | ||
| 040 |
_aDLC _cDLC _dEQO _dBD-RjUL _beng |
||
| 041 | _aeng | ||
| 082 |
_a372.12 _223 _bKIA 1968 |
||
| 100 | 1 |
_aKimbrough, Ralph B. _9149726 |
|
| 245 | 1 | 0 |
_aAdministering elementary schools : _bconcepts and practices / _cRalph B. Kimbrough |
| 260 |
_aNew York : _bThe Macmillan, _c1968. |
||
| 300 |
_axii, 428 p. : _bill ; _c24 cm. |
||
| 500 | _aIncludes index | ||
| 650 | 0 |
_aElementary school administration _9149727 |
|
| 942 |
_2ddc _cBK |
||
| 999 |
_c49959 _d49959 |
||